<?xml version="1.0" encoding="UTF-8"?>
<record
    xmlns:xsi="http://www.w3.org/2001/XMLSchema-instance"
    xsi:schemaLocation="http://www.loc.gov/MARC21/slim http://www.loc.gov/standards/marcxml/schema/MARC21slim.xsd"
    xmlns="http://www.loc.gov/MARC21/slim">

  <leader>01273nam a22002537a 4500</leader>
  <controlfield tag="005">20220425094710.0</controlfield>
  <controlfield tag="008">220422b           ||||| |||| 00| 0 eng d</controlfield>
  <datafield tag="040" ind1=" " ind2=" ">
    <subfield code="c">Aloy</subfield>
  </datafield>
  <datafield tag="041" ind1=" " ind2=" ">
    <subfield code="a">eng</subfield>
  </datafield>
  <datafield tag="082" ind1=" " ind2=" ">
    <subfield code="2">23</subfield>
    <subfield code="a">954.07</subfield>
    <subfield code="b">KUFC</subfield>
  </datafield>
  <datafield tag="100" ind1=" " ind2=" ">
    <subfield code="a">Ali Ibn Hamid Kufi</subfield>
    <subfield code="9">31426</subfield>
  </datafield>
  <datafield tag="245" ind1=" " ind2=" ">
    <subfield code="a">Chachnamah: An ancient history of Sind:</subfield>
    <subfield code="b">Giving the Hindu period down to the Arab conquest</subfield>
  </datafield>
  <datafield tag="260" ind1=" " ind2=" ">
    <subfield code="a">Delhi</subfield>
    <subfield code="b">Idarahi Adabiyati Delli</subfield>
    <subfield code="c">1979</subfield>
  </datafield>
  <datafield tag="300" ind1=" " ind2=" ">
    <subfield code="a">iii,207p.</subfield>
    <subfield code="b">HB</subfield>
    <subfield code="c">24x16 cm</subfield>
  </datafield>
  <datafield tag="365" ind1=" " ind2=" ">
    <subfield code="2">History</subfield>
    <subfield code="b">80.00</subfield>
    <subfield code="c">&#x20B9;</subfield>
    <subfield code="d">80.00</subfield>
  </datafield>
  <datafield tag="440" ind1=" " ind2=" ">
    <subfield code="a">IAD oriental(Reprint) series 45</subfield>
    <subfield code="9">30873</subfield>
  </datafield>
  <datafield tag="520" ind1=" " ind2=" ">
    <subfield code="a">This is the English version of the Chachnamah. The Chachnamah is a Persian translation of an Arabic manuscript on the conquest of Sind (Sindh) and parts of Hind (India) by the Arabs, written by Ali son of Muhammad Kufi, originally of Kufah (in Iraq), but subsequently a resident of Uch, in 613 A.H. (1216 A.D.). The English translation was completed by Mirza Kalichbeg Fredunbeg in the year 1900. This reprinted edition was produced by Rana Saad in 2004 in Maryland, USA.</subfield>
  </datafield>
  <datafield tag="650" ind1=" " ind2=" ">
    <subfield code="a">Islami Empire</subfield>
    <subfield code="9">30874</subfield>
  </datafield>
  <datafield tag="650" ind1=" " ind2=" ">
    <subfield code="a">Pakistan Sind</subfield>
    <subfield code="9">30875</subfield>
  </datafield>
  <datafield tag="650" ind1=" " ind2=" ">
    <subfield code="a">Civilization</subfield>
    <subfield code="9">30876</subfield>
  </datafield>
  <datafield tag="700" ind1=" " ind2=" ">
    <subfield code="a">KUFI (Ali Ibn Hamid)</subfield>
    <subfield code="9">30877</subfield>
  </datafield>
  <datafield tag="700" ind1=" " ind2=" ">
    <subfield code="a">FREDUNBEG (Mirza Kalichbeg) Tr</subfield>
    <subfield code="9">30878</subfield>
  </datafield>
  <datafield tag="942" ind1=" " ind2=" ">
    <subfield code="2">ddc</subfield>
    <subfield code="c">GF</subfield>
  </datafield>
  <datafield tag="999" ind1=" " ind2=" ">
    <subfield code="c">222549</subfield>
    <subfield code="d">222549</subfield>
  </datafield>
  <datafield tag="952" ind1=" " ind2=" ">
    <subfield code="0">0</subfield>
    <subfield code="1">0</subfield>
    <subfield code="2">ddc</subfield>
    <subfield code="4">0</subfield>
    <subfield code="7">0</subfield>
    <subfield code="8">HIS</subfield>
    <subfield code="a">AL</subfield>
    <subfield code="b">AL</subfield>
    <subfield code="d">2013-03-24</subfield>
    <subfield code="l">0</subfield>
    <subfield code="o">954.07 KUFC</subfield>
    <subfield code="p">GF03074</subfield>
    <subfield code="r">2022-04-22 00:00:00</subfield>
    <subfield code="u">http://sanipanhwar.com/The%20Chachnamah%20An%20Ancient%20History%20of%20Sindh%20by%20Mirza%20Kalichbeg.pdf</subfield>
    <subfield code="w">2022-04-22</subfield>
    <subfield code="y">GF</subfield>
  </datafield>
</record>
